[Event "London Classic rapid op"]
[Site "London"]
[Date "2017.12.09"]
[Round "6.4"]
[White "Kalavannan, Koby"]
[Black "Anderton, Matthew"]
[Result "1-0"]
[WhiteElo "2274"]
[BlackElo "2198"]
[PlyCount "109"]
[EventDate "2017.12.09"]
[EventType "swiss (rapid)"]
[EventRounds "6"]
[EventCountry "ENG"]
[SourceTitle "CBM 182 Extra"]
[Source "ChessBase"]
[SourceDate "2018.02.23"]
[SourceVersion "1"]
[SourceVersionDate "2018.02.23"]
[SourceQuality "1"]

1. d4 Nf6 2. c4 e6 3. Nf3 c5 4. d5 exd5 5. cxd5 g6 6. Nc3 d6 7. Bf4 a6 8. a4 Qe7 9. h3 Bg7 10. Nd2 0-0 11. Nc4 Ne4 12. Nxe4 Qxe4 13. e3 Re8 14. Be2 Rd8 15. Bxd6 Bxb2 16. Nxb2 Rxd6 17. Bf3 Qe5 18. Qc1 Rd8 19. Nd3 Qf6 20. Nxc5 Nd7 21. Ne4 Qf5 22. Qc7 Re8 23. Nd6 Qe5 24. Rc1 Rf8 25. 0-0 Nf6 26. Nxc8 Qxc7 27. Rxc7 Raxc8 28. Rxb7 Rc4 29. Rb6 Nd7 30. Rxa6 Ne5 31. Rd1 Rd8 32. Be2 Rc2 33. Bb5 Nc4 34. Bxc4 Rxc4 35. d6 Rd7 36. Rd4 Rc1+ 37. Kh2 Kg7 38. Rb6 Ra1 39. Rc6 Kf6 40. Ra6 g5 41. Rd5 h6 42. a5 Ke6 43. e4 Ra4 44. f3 f6 45. Rb6 Rd8 46. d7+ Ke7 47. a6 h5 48. Rdd6 g4 49. hxg4 hxg4 50. Re6+ Kxd7 51. Rbd6+ Kc7 52. Rxd8 Kxd8 53. Rxf6 gxf3 54. gxf3 Ke7 55. Rb6 1-0

[Event "London Classic op"]
[Site "London"]
[Date "2011.12.09"]
[Round "7"]
[White "Anderton, Matthew"]
[Black "Varnam, Liam"]
[Result "1-0"]
[WhiteElo "2227"]
[BlackElo "2059"]
[PlyCount "77"]
[EventDate "2011.12.03"]
[EventType "swiss"]
[EventRounds "9"]
[EventCountry "ENG"]
[SourceTitle "CBM 145 Extra"]
[Source "ChessBase"]
[SourceDate "2012.01.03"]
[SourceVersion "1"]
[SourceVersionDate "2012.01.03"]
[SourceQuality "1"]

1. e4 e5 2. Nf3 Nc6 3. Bb5 a6 4. Ba4 Nf6 5. 0-0 Nxe4 6. d4 b5 7. Bb3 d5 8. dxe5 Be6 9. Nbd2 Nc5 10. c3 d4 11. Bxe6 Nxe6 12. cxd4 Ncxd4 13. a4 Be7 14. Nb3 Nxf3+ 15. Qxf3 0-0 16. Rd1 Qe8 17. Be3 bxa4 18. Na5 Bc5 19. Bxc5 Nxc5 20. Nc6 a5 21. Rac1 Na6 22. Qe4 Nb4 23. Nd4 Rc8 24. Rc5 Qd7 25. e6 fxe6 26. Qxe6+ Rf7 27. Qc4 Rd8 28. h3 Kh8 29. Rd2 h6 30. Nf3 Nd3 31. Ne5 Nxe5 32. Rxd7 Nxd7 33. Qxf7 Nxc5 34. Qxc7 Rd1+ 35. Kh2 Rc1 36. Qf4 Nb3 37. Qxa4 Nc5 38. Qf4 Nd3 39. Qf8+ 1-0

[Event "London Classic op"]
[Site "London"]
[Date "2011.12.08"]
[Round "6"]
[White "Svaralova, Monika"]
[Black "Anderton, Matthew"]
[Result "0-1"]
[WhiteElo "2025"]
[BlackElo "2227"]
[PlyCount "66"]
[EventDate "2011.12.03"]
[EventType "swiss"]
[EventRounds "9"]
[EventCountry "ENG"]
[SourceTitle "CBM 145 Extra"]
[Source "ChessBase"]
[SourceDate "2012.01.03"]
[SourceVersion "1"]
[SourceVersionDate "2012.01.03"]
[SourceQuality "1"]

1. d4 e6 2. c4 Nf6 3. Nc3 Bb4 4. e3 0-0 5. Bd3 c5 6. Nge2 d5 7. cxd5 cxd4 8. exd4 Nxd5 9. 0-0 Nc6 10. a3 Be7 11. Qc2 g6 12. Rd1 Bf6 13. Bb5 Nce7 14. Ne4 Bg7 15. Bg5 Bd7 16. Bxd7 Qxd7 17. Nc5 Qc6 18. Qe4 b6 19. Nd3 h6 20. Bd2 Nb4 21. d5 Nbxd5 22. Rac1 Qb5 23. a4 Qa6 24. Nef4 Rac8 25. Nb4 Qxa4 26. Nxe6 fxe6 27. Qxe6+ Kh7 28. Nxd5 Nxd5 29. Qxd5 Rcd8 30. Qb7 Rd7 31. b3 Qd4 32. Qc6 Qxf2+ 33. Kh1 Rxd2 0-1

[Event "London Classic op"]
[Site "London"]
[Date "2011.12.06"]
[Round "4"]
[White "Johansen, Stian"]
[Black "Anderton, Matthew"]
[Result "1/2-1/2"]
[WhiteElo "2012"]
[BlackElo "2227"]
[PlyCount "101"]
[EventDate "2011.12.03"]
[EventType "swiss"]
[EventRounds "9"]
[EventCountry "ENG"]
[SourceTitle "CBM 145 Extra"]
[Source "ChessBase"]
[SourceDate "2012.01.03"]
[SourceVersion "1"]
[SourceVersionDate "2012.01.03"]
[SourceQuality "1"]

1. d4 Nf6 2. c4 c5 3. d5 b5 4. cxb5 a6 5. bxa6 g6 6. Nc3 Bxa6 7. e4 Bxf1 8. Kxf1 d6 9. g3 Bg7 10. Kg2 Nbd7 11. Nf3 0-0 12. Qe2 Qc7 13. Bd2 Rfb8 14. Nb5 Qb7 15. a4 Nb6 16. b3 c4 17. bxc4 Nxa4 18. Nfd4 Nd7 19. Rab1 Nab6 20. Nc6 Re8 21. Bg5 Kf8 22. Rb3 Ra4 23. Rhb1 Qc8 24. Bxe7+ Rxe7 25. Nxd6 Qc7 26. Nb5 Qc8 27. Nxe7 Kxe7 28. d6+ Kf8 29. Nc7 Nxc4 30. Qg4 Nxd6 31. Rc1 Rxe4 32. Qxe4 Nxe4 33. Ne6+ fxe6 34. Rxc8+ Kf7 35. Rb7 Ke7 36. Rcc7 Nef6 37. g4 Bh6 38. h4 Bf4 39. Rc4 Nd5 40. Ra4 h6 41. Kf3 Bc7 42. Raa7 Kd6 43. Ra8 h5 44. gxh5 gxh5 45. Rh8 Ne5+ 46. Kg3 Nf6 47. f3 Kc6 48. Rxc7+ Kxc7 49. Rh6 Ned7 50. Kf4 Kd6 51. Kg5 1/2-1/2

[Event "BCF-chT1c 1011 (4NCL) Promotion pool"]
[Site "England"]
[Date "2011.04.30"]
[Round "9.14"]
[White "Anderton, Matthew"]
[Black "Nelson, Jonathan"]
[Result "1/2-1/2"]
[WhiteElo "2227"]
[BlackElo "2222"]
[PlyCount "36"]
[EventDate "2010.11.06"]
[EventType "team-tourn"]
[EventRounds "4"]
[EventCountry "ENG"]
[SourceTitle "EXT 2012"]
[Source "ChessBase"]
[SourceDate "2011.11.24"]
[SourceVersion "1"]
[SourceVersionDate "2011.11.24"]
[SourceQuality "1"]
[WhiteTeam "Guildford"]
[BlackTeam "Betsson.com"]
[WhiteTeamCountry "ENG"]
[BlackTeamCountry "ENG"]

1. e4 e6 2. d4 d5 3. Nc3 dxe4 4. Nxe4 Qd5 5. Nc3 Bb4 6. Nf3 b6 7. Bd2 Bxc3 8. Bxc3 Bb7 9. b3 Nc6 10. Bc4 Qe4+ 11. Qe2 Nf6 12. 0-0 Qxe2 13. Bxe2 0-0 14. Bb2 Rfd8 15. Rfd1 a5 16. a3 Ne7 17. Ne5 Nd7 18. Ng4 Nf8 1/2-1/2

[Event "BCF-chT1b 1011 (4NCL)"]
[Site "England"]
[Date "2011.03.26"]
[Round "7"]
[White "Anderton, Matthew"]
[Black "Dickinson, Timothy R"]
[Result "1/2-1/2"]
[WhiteElo "2227"]
[BlackElo "2155"]
[PlyCount "49"]
[EventDate "2010.11.06"]
[EventType "team-tourn"]
[EventRounds "7"]
[EventCountry "ENG"]
[SourceTitle "EXT 2012"]
[Source "ChessBase"]
[SourceDate "2011.11.24"]
[SourceVersion "1"]
[SourceVersionDate "2011.11.24"]
[SourceQuality "1"]
[WhiteTeam "Guildford"]
[BlackTeam "Oxford"]
[WhiteTeamCountry "ENG"]
[BlackTeamCountry "ENG"]

1. e4 c6 2. d4 d5 3. Nc3 dxe4 4. Nxe4 Nd7 5. Bd3 Ngf6 6. Ng5 e6 7. N1f3 Bd6 8. Qe2 h6 9. Ne4 Nxe4 10. Qxe4 Nf6 11. Qe2 0-0 12. Bd2 c5 13. dxc5 Bxc5 14. 0-0-0 Bd7 15. Ne5 Qb6 16. Nxd7 Nxd7 17. Rhf1 Rac8 18. Bc3 Rfd8 19. Qg4 Bf8 20. Bd4 Qc6 21. Qe4 Qxe4 22. Bxe4 b6 23. Bb7 Rc7 24. Ba6 Nc5 25. Bxc5 1/2-1/2

[Event "London Classic op"]
[Site "London"]
[Date "2010.12.14"]
[Round "8"]
[White "Phillips, Owen S"]
[Black "Anderton, Matthew"]
[Result "0-1"]
[WhiteElo "1996"]
[BlackElo "2227"]
[PlyCount "42"]
[EventDate "2010.12.08"]
[EventType "swiss"]
[EventRounds "9"]
[EventCountry "ENG"]
[SourceTitle "CBM 139 Extra"]
[Source "ChessBase"]
[SourceDate "2011.01.05"]
[SourceVersion "1"]
[SourceVersionDate "2011.01.05"]
[SourceQuality "1"]

1. e4 e6 2. Nc3 d5 3. Nf3 Nf6 4. e5 Nfd7 5. d4 c5 6. Bg5 Qb6 7. dxc5 Bxc5 8. Qd2 Nc6 9. Bb5 h6 10. Bh4 d4 11. Bxc6 dxc3 12. Bxd7+ Bxd7 13. bxc3 g5 14. Nxg5 hxg5 15. Qxg5 Qc6 16. 0-0 Qe4 17. Bg3 Bc6 18. Bf4 Be7 19. Qg3 0-0-0 20. Rfe1 Qd5 21. c4 Qxc4 0-1

[Event "London Classic op"]
[Site "London"]
[Date "2010.12.10"]
[Round "3"]
[White "Anderton, Matthew"]
[Black "Lenier, Jude"]
[Result "1-0"]
[WhiteElo "2227"]
[BlackElo "2006"]
[PlyCount "75"]
[EventDate "2010.12.08"]
[EventType "swiss"]
[EventRounds "9"]
[EventCountry "ENG"]
[SourceTitle "CBM 139 Extra"]
[Source "ChessBase"]
[SourceDate "2011.01.05"]
[SourceVersion "1"]
[SourceVersionDate "2011.01.05"]
[SourceQuality "1"]

1. e4 e5 2. Nf3 Nc6 3. Bb5 a6 4. Ba4 Nf6 5. 0-0 Be7 6. Re1 b5 7. Bb3 0-0 8. h3 d6 9. c3 Na5 10. Bc2 c5 11. d4 Nc6 12. d5 Nb8 13. a4 Bb7 14. b3 c4 15. bxc4 bxc4 16. Na3 Nbd7 17. Rb1 Qc7 18. Be3 a5 19. Nb5 Qc8 20. Qe2 Ba6 21. Nd2 Bxb5 22. Rxb5 Ne8 23. Nxc4 Bd8 24. Reb1 f5 25. exf5 Nc7 26. Rb7 Nxd5 27. Nxd6 Qc6 28. Ne4 Bb6 29. Rxd7 Qxd7 30. Bxb6 Nxb6 31. Rxb6 Rxf5 32. Nd6 Qd8 33. Bxf5 Qxb6 34. Be6+ Kh8 35. Qxe5 Rf8 36. Nf7+ Kg8 37. Qf5 g6 38. Qf6 1-0

[Event "London Classic op"]
[Site "London"]
[Date "2010.12.09"]
[Round "2"]
[White "Gormally, Daniel"]
[Black "Anderton, Matthew"]
[Result "1-0"]
[WhiteElo "2470"]
[BlackElo "2227"]
[PlyCount "63"]
[EventDate "2010.12.08"]
[EventType "swiss"]
[EventRounds "9"]
[EventCountry "ENG"]
[SourceTitle "CBM 139 Extra"]
[Source "ChessBase"]
[SourceDate "2011.01.05"]
[SourceVersion "1"]
[SourceVersionDate "2011.01.05"]
[SourceQuality "1"]

1. d4 e6 2. Nf3 Nf6 3. c4 c5 4. d5 exd5 5. cxd5 d6 6. Nc3 g6 7. e4 Bg7 8. h3 0-0 9. Bd3 a6 10. 0-0 b5 11. Re1 Re8 12. Bf4 Bb7 13. Qd2 Qb6 14. Bh6 c4 15. Bxg7 Kxg7 16. Bc2 Nbd7 17. Nd4 Kh8 18. Re3 Ne5 19. Rae1 b4 20. Na4 Qa7 21. Qxb4 Qxd4 22. Qxb7 Nd3 23. Bxd3 cxd3 24. Nc3 Ra7 25. Qc6 Rae7 26. Qxd6 d2 27. Rd1 Nxe4 28. Nxe4 Rxe4 29. Rxd2 Qc4 30. Rxe4 Qxe4 31. Qf6+ Kg8 32. Kh2 1-0

[Event "BCF-chT1d 0910 (4NCL) Demotion pool"]
[Site "England"]
[Date "2010.05.02"]
[Round "10.2"]
[White "Anderton, Matthew"]
[Black "Ledger, Andrew"]
[Result "0-1"]
[WhiteElo "2244"]
[BlackElo "2431"]
[PlyCount "64"]
[EventDate "2009.10.24"]
[EventType "team-tourn"]
[EventRounds "4"]
[EventCountry "ENG"]
[SourceTitle "EXT 2011"]
[Source "ChessBase"]
[SourceDate "2010.11.26"]
[SourceVersion "1"]
[SourceVersionDate "2010.11.26"]
[SourceQuality "1"]
[WhiteTeam "Guildford II"]
[BlackTeam "Betsson.com"]
[WhiteTeamCountry "ENG"]
[BlackTeamCountry "ENG"]

1. e4 e5 2. Nf3 Nc6 3. Bb5 a6 4. Ba4 Nf6 5. 0-0 Be7 6. Re1 b5 7. Bb3 d6 8. c3 0-0 9. h3 Nb8 10. d4 Nbd7 11. Nbd2 Bb7 12. a3 c5 13. Ba2 cxd4 14. cxd4 exd4 15. Nxd4 Nc5 16. Bb1 Re8 17. Nf5 Bf8 18. Ng3 Rc8 19. b3 g6 20. Bb2 Bg7 21. Ra2 h5 22. h4 d5 23. e5 Ng4 24. Nf3 Ne4 25. Bd4 Nc3 26. Bxc3 Rxc3 27. e6 Bf6 28. Ng5 Bxg5 29. hxg5 Rxe6 30. Rxe6 fxe6 31. Qd2 Qc7 32. Bxg6 Rc1+ 0-1

[Event "BCF-chT1b 0910 (4NCL)"]
[Site "England"]
[Date "2010.02.21"]
[Round "6.6"]
[White "Townsend, M Paul"]
[Black "Anderton, Matthew"]
[Result "1-0"]
[WhiteElo "2222"]
[BlackElo "2244"]
[PlyCount "71"]
[EventDate "2009.10.24"]
[EventType "team-tourn"]
[EventRounds "7"]
[EventCountry "ENG"]
[SourceTitle "EXT 2011"]
[Source "ChessBase"]
[SourceDate "2010.11.26"]
[SourceVersion "1"]
[SourceVersionDate "2010.11.26"]
[SourceQuality "1"]
[WhiteTeam "White Rose"]
[BlackTeam "Guildford"]
[WhiteTeamCountry "ENG"]
[BlackTeamCountry "ENG"]

1. d4 Nf6 2. c4 c5 3. Nf3 cxd4 4. Nxd4 e5 5. Nb5 d5 6. cxd5 Bc5 7. N5c3 0-0 8. g3 e4 9. Bg2 Re8 10. 0-0 Bf5 11. Bg5 Nbd7 12. Nd2 h6 13. Bxf6 Nxf6 14. Nc4 a6 15. a4 Rc8 16. Ne3 Bg6 17. Bh3 Rc7 18. Qb3 Re5 19. Rad1 Rh5 20. Kg2 Rxh3 21. Kxh3 Bxe3 22. fxe3 Ng4 23. Kg2 Nxe3+ 24. Kg1 Nxf1 25. Kxf1 e3 26. Qb6 Qe7 27. Kg1 Rd7 28. d6 Qe6 29. a5 Kh7 30. Qd4 f5 31. Na4 f4 32. Nc5 Qg4 33. Re1 Rxd6 34. Qxd6 f3 35. exf3 Qxf3 36. Qf4 1-0

[Event "London Classic op"]
[Site "London"]
[Date "2009.12.15"]
[Round "9"]
[White "Crawley, Gavin"]
[Black "Anderton, Matthew"]
[Result "1-0"]
[WhiteElo "2407"]
[BlackElo "2232"]
[PlyCount "81"]
[EventDate "2009.12.08"]
[EventType "swiss"]
[EventRounds "9"]
[EventCountry "ENG"]
[SourceTitle "CBM 133 Extra"]
[Source "ChessBase"]
[SourceDate "2010.01.05"]
[SourceVersion "1"]
[SourceVersionDate "2010.01.05"]
[SourceQuality "1"]

1. e4 e6 2. d4 d5 3. Nc3 Bb4 4. e5 c5 5. Bd2 Ne7 6. Nb5 Bxd2+ 7. Qxd2 0-0 8. Nf3 a6 9. Nd6 cxd4 10. Nxd4 Nbc6 11. f4 f6 12. Nxc8 Qxc8 13. exf6 Rxf6 14. 0-0-0 Nxd4 15. Qxd4 Nf5 16. Qf2 Qc7 17. Bd3 Rc8 18. Rhf1 Qc5 19. Bxf5 Rxf5 20. Qe2 Rf6 21. Kb1 Qc4 22. Rd3 e5 23. b3 Qe4 24. Re3 Qb4 25. Rxe5 Rxf4 26. Rxf4 Qxf4 27. Rxd5 Qf7 28. Qd3 Qf6 29. Rd6 Qe7 30. Rd7 Qe1+ 31. Kb2 Qe5+ 32. Qd4 Qxd4+ 33. Rxd4 Rc7 34. c4 Kf7 35. Re4 Rc6 36. Kc3 Kf6 37. b4 Kf7 38. c5 a5 39. a3 axb4+ 40. axb4 Kf6 41. Kc4 1-0

[Event "London Classic op"]
[Site "London"]
[Date "2009.12.14"]
[Round "8"]
[White "Anderton, Matthew"]
[Black "Loeffler, Stefan"]
[Result "1/2-1/2"]
[WhiteElo "2232"]
[BlackElo "2416"]
[PlyCount "51"]
[EventDate "2009.12.08"]
[EventType "swiss"]
[EventRounds "9"]
[EventCountry "ENG"]
[SourceTitle "CBM 133 Extra"]
[Source "ChessBase"]
[SourceDate "2010.01.05"]
[SourceVersion "1"]
[SourceVersionDate "2010.01.05"]
[SourceQuality "1"]

1. e4 Nf6 2. e5 Nd5 3. d4 d6 4. c4 Nb6 5. f4 g5 6. Nc3 Bg7 7. Nf3 gxf4 8. Bxf4 Bg4 9. Qe2 Nc6 10. 0-0-0 dxe5 11. dxe5 Qc8 12. Qe3 Bxf3 13. gxf3 Qe6 14. c5 Nd7 15. Nd5 0-0-0 16. Bc4 Kb8 17. Nb6 Qf5 18. Nxd7+ Rxd7 19. Rxd7 Qxd7 20. Rg1 Rd8 21. Bb3 Bh8 22. Rd1 Qe8 23. Rxd8+ Nxd8 24. Qd3 Nc6 25. Qxh7 Nxe5 26. Bxe5 1/2-1/2

[Event "London Classic op"]
[Site "London"]
[Date "2009.12.13"]
[Round "7"]
[White "Cox, John J"]
[Black "Anderton, Matthew"]
[Result "1/2-1/2"]
[WhiteElo "2377"]
[BlackElo "2232"]
[PlyCount "126"]
[EventDate "2009.12.08"]
[EventType "swiss"]
[EventRounds "9"]
[EventCountry "ENG"]
[SourceTitle "CBM 133 Extra"]
[Source "ChessBase"]
[SourceDate "2010.01.05"]
[SourceVersion "1"]
[SourceVersionDate "2010.01.05"]
[SourceQuality "1"]

1. c4 Nf6 2. g3 e5 3. Bg2 c6 4. d4 exd4 5. Qxd4 d5 6. Nf3 Na6 7. 0-0 Bc5 8. Qe5+ Be6 9. cxd5 Qxd5 10. Nc3 Qxe5 11. Nxe5 0-0-0 12. Nd3 Bd4 13. Bf4 h6 14. Rfd1 g5 15. Be5 Rhe8 16. Bxd4 Rxd4 17. Ne1 Red8 18. Rxd4 Rxd4 19. Nf3 Rd8 20. e3 Nb4 21. Nd4 Bc4 22. a3 Nd3 23. b3 c5 24. bxc4 cxd4 25. exd4 Rxd4 26. Nb5 Rd8 27. Nxa7+ Kb8 28. Nb5 Ne5 29. c5 Nfd7 30. Rd1 g4 31. Be4 Rf8 32. Bf5 Nf3+ 33. Kg2 Nde5 34. Bxg4 Nxh2 35. Bh5 Nhg4 36. Bxg4 Nxg4 37. Rd7 Nf6 38. Rd6 Ne4 39. Rxh6 Nxc5 40. Rf6 Nd7 41. Rf5 f6 42. g4 Kc8 43. Kg3 Kd8 44. Rh5 Rg8 45. Kf4 Ne5 46. f3 Kd7 47. Rh6 Ng6+ 48. Kg3 Ke6 49. f4 Ne7 50. Rh7 b6 51. Nd4+ Kd6 52. Nb5+ Ke6 53. Kf3 Nd5 54. f5+ Ke5 55. Rh1 Ne3 56. Re1 Rxg4 57. Rxe3+ Kxf5 58. Nd6+ Kg5 59. Ne4+ Kf5 60. Nd6+ Kg5 61. Ne4+ Kf5 62. Nxf6 Rf4+ 63. Kg3 Rd4 1/2-1/2

[Event "London Classic op"]
[Site "London"]
[Date "2009.12.11"]
[Round "5"]
[White "Buckley, Graeme N"]
[Black "Anderton, Matthew"]
[Result "1-0"]
[WhiteElo "2388"]
[BlackElo "2232"]
[PlyCount "73"]
[EventDate "2009.12.08"]
[EventType "swiss"]
[EventRounds "9"]
[EventCountry "ENG"]
[SourceTitle "CBM 133 Extra"]
[Source "ChessBase"]
[SourceDate "2010.01.05"]
[SourceVersion "1"]
[SourceVersionDate "2010.01.05"]
[SourceQuality "1"]

1. d4 Nf6 2. c4 c5 3. d5 b5 4. cxb5 a6 5. bxa6 g6 6. g3 Bxa6 7. Bg2 d6 8. Nc3 Bg7 9. Nf3 Nbd7 10. Rb1 Nb6 11. b3 Bb7 12. Nh4 Qd7 13. 0-0 0-0 14. a4 Rfb8 15. Re1 Bc8 16. Nf3 Ne8 17. Bb2 Nc4 18. Ba1 Na3 19. Rc1 c4 20. bxc4 Nxc4 21. Nb5 Bxa1 22. Rxc4 Ba6 23. Qxa1 Bxb5 24. Rb4 Bxa4 25. Rxb8 Rxb8 26. Rc1 Nf6 27. Nd4 Rb6 28. Rc4 Bb3 29. Rc3 Qa4 30. Qb2 Qa2 31. Rc2 Qa4 32. Rc1 Qa2 33. Rb1 Bc2 34. Qxa2 Rxb1+ 35. Bf1 Be4 36. f3 Rd1 37. Qa4 1-0

[Event "Hastings Masters op 84th"]
[Site "Hastings"]
[Date "2009.01.05"]
[Round "9"]
[White "Anderton, Matthew"]
[Black "Rendle, Thomas E"]
[Result "1/2-1/2"]
[WhiteElo "2232"]
[BlackElo "2385"]
[PlyCount "82"]
[EventDate "2008.12.28"]
[EventType "swiss"]
[EventRounds "9"]
[EventCountry "ENG"]
[SourceTitle "CBM 128 Extra"]
[Source "ChessBase"]
[SourceDate "2009.03.05"]
[SourceVersion "2"]
[SourceVersionDate "2009.03.25"]
[SourceQuality "1"]

1. e4 e6 2. d3 d5 3. Nd2 c5 4. Ngf3 Nc6 5. g3 Bd6 6. Bg2 Nge7 7. 0-0 0-0 8. Re1 Qc7 9. Qe2 f6 10. c3 Bd7 11. Nb3 b6 12. d4 c4 13. Nbd2 b5 14. Nf1 dxe4 15. Qxe4 Nd5 16. Ne3 Nce7 17. Bh3 f5 18. Nxd5 Nxd5 19. Qh4 Rae8 20. Ne5 Bc8 21. Bd2 a5 22. a3 Bb7 23. Bg2 Nb6 24. Re2 Bxg2 25. Kxg2 Qb7+ 26. Kg1 Nd5 27. Rae1 Nf6 28. Qh3 Ne4 29. f3 Nf6 30. Qg2 Nd5 31. Bc1 Qc8 32. Qf1 f4 33. Re4 Rf5 34. Qe2 fxg3 35. hxg3 Nf6 36. Re3 Bxe5 37. Rxe5 Rxe5 38. Qxe5 Qc6 39. Bg5 Nd7 40. Qe3 Qd5 41. Bf4 Qf5 1/2-1/2

[Event "Hastings Masters op 84th"]
[Site "Hastings"]
[Date "2009.01.04"]
[Round "8"]
[White "Hutchinson, Norman A"]
[Black "Anderton, Matthew"]
[Result "0-1"]
[WhiteElo "2075"]
[BlackElo "2232"]
[PlyCount "54"]
[EventDate "2008.12.28"]
[EventType "swiss"]
[EventRounds "9"]
[EventCountry "ENG"]
[SourceTitle "CBM 128 Extra"]
[Source "ChessBase"]
[SourceDate "2009.03.05"]
[SourceVersion "2"]
[SourceVersionDate "2009.03.25"]
[SourceQuality "1"]

1. e4 e6 2. d4 d5 3. Nd2 Nf6 4. e5 Nfd7 5. c3 c5 6. Ngf3 Nc6 7. Bd3 a5 8. 0-0 g5 9. dxc5 g4 10. Nd4 Ndxe5 11. Bb5 Bd7 12. f4 Nxd4 13. Bxd7+ Qxd7 14. cxd4 Nc6 15. Nb1 Bg7 16. Be3 h5 17. Nc3 Ne7 18. Na4 Qb5 19. Re1 Nf5 20. Bf2 0-0 21. b3 Rfe8 22. Re2 Nxd4 23. Re5 Nf5 24. Rc1 Qb4 25. Rxf5 exf5 26. Nb6 Rad8 27. Nxd5 Qe4 0-1

[Event "Hastings Masters op 84th"]
[Site "Hastings"]
[Date "2009.01.03"]
[Round "7"]
[White "Anderton, Matthew"]
[Black "Sugden, John N"]
[Result "1/2-1/2"]
[WhiteElo "2232"]
[BlackElo "2173"]
[PlyCount "41"]
[EventDate "2008.12.28"]
[EventType "swiss"]
[EventRounds "9"]
[EventCountry "ENG"]
[SourceTitle "CBM 128 Extra"]
[Source "ChessBase"]
[SourceDate "2009.03.05"]
[SourceVersion "2"]
[SourceVersionDate "2009.03.25"]
[SourceQuality "1"]

1. e4 c5 2. Nf3 e6 3. c3 d5 4. exd5 exd5 5. d4 Nc6 6. Be3 cxd4 7. Bxd4 Nxd4 8. Nxd4 Nf6 9. Bd3 Bd6 10. 0-0 0-0 11. Nd2 Bg4 12. Qc2 Bc5 13. N2b3 Bb6 14. h3 Bd7 15. Rfe1 Re8 16. Rxe8+ Qxe8 17. Qe2 Qf8 18. Qf3 Qd6 19. Nf5 Bxf5 20. Bxf5 Re8 21. Rd1 1/2-1/2

[Event "Hastings Masters op 84th"]
[Site "Hastings"]
[Date "2008.12.30"]
[Round "3"]
[White "Anderton, Matthew"]
[Black "Wilson, Alexandra"]
[Result "1/2-1/2"]
[WhiteElo "2232"]
[BlackElo "2026"]
[PlyCount "102"]
[EventDate "2008.12.28"]
[EventType "swiss"]
[EventRounds "9"]
[EventCountry "ENG"]
[SourceTitle "CBM 128 Extra"]
[Source "ChessBase"]
[SourceDate "2009.03.05"]
[SourceVersion "2"]
[SourceVersionDate "2009.03.25"]
[SourceQuality "1"]

1. e4 c5 2. c3 e6 3. d4 d5 4. exd5 exd5 5. Be3 c4 6. b3 cxb3 7. axb3 Bd6 8. Bd3 Ne7 9. Qf3 Be6 10. Bf4 Nbc6 11. Ne2 Ng6 12. Bxd6 Qxd6 13. Nd2 0-0 14. 0-0 Nce7 15. h3 f5 16. Rfe1 f4 17. c4 Nf5 18. cxd5 Nfh4 19. Qh5 Bf5 20. Ne4 Bxe4 21. Bxe4 f3 22. gxf3 Rae8 23. Ng3 Qf6 24. d6 Rxe4 25. Rxe4 Nxf3+ 26. Kh1 Ng5 27. Qe2 Nxe4 28. Nxe4 Qf5 29. Qg4 Qd5 30. Re1 Nf4 31. Kh2 Qxd4 32. d7 h5 33. Qd1 Nd3 34. Re3 Qe5+ 35. Kh1 Nxf2+ 36. Nxf2 Qxe3 37. d8Q Rxd8 38. Qxd8+ Kf7 39. Qd5+ Kf8 40. Qd8+ Kf7 41. Qd5+ Kf8 42. Kg2 h4 43. Qf3+ Qxf3+ 44. Kxf3 a5 45. Ne4 Ke7 46. Nc5 b5 47. Ke4 Kf6 48. Nd7+ Ke6 49. Nc5+ Kf6 50. Nd7+ Ke6 51. Nc5+ Kf6 1/2-1/2

[Event "GBR-ch 94th"]
[Site "Great Yarmouth"]
[Date "2007.08.04"]
[Round "6"]
[White "Anderton, Matthew"]
[Black "Zhou, Yang Fan"]
[Result "1/2-1/2"]
[WhiteElo "2229"]
[BlackElo "2069"]
[PlyCount "117"]
[EventDate "2007.07.30"]
[EventType "swiss"]
[EventRounds "11"]
[EventCountry "ENG"]
[SourceTitle "CBM 119 Extra"]
[Source "ChessBase"]
[SourceDate "2007.09.04"]
[SourceVersion "1"]
[SourceVersionDate "2007.09.04"]
[SourceQuality "1"]

1. e4 c5 2. c3 Nf6 3. e5 Nd5 4. Nf3 Nc6 5. Bc4 Nb6 6. Bb3 d5 7. exd6 Qxd6 8. Na3 Be6 9. 0-0 Bxb3 10. Qxb3 Qd3 11. Re1 e6 12. Re3 Qd5 13. Nb5 Qxb3 14. axb3 Nd5 15. Re4 Rd8 16. Nxa7 Ra8 17. Rea4 Nb6 18. R4a2 Nd8 19. d4 cxd4 20. Nxd4 e5 21. Nc2 Be7 22. Be3 Nd5 23. Nb5 Rxa2 24. Rxa2 0-0 25. c4 Nf6 26. Ra7 Nd7 27. b4 f5 28. f4 Nb8 29. Nc3 Nbc6 30. Ra4 exf4 31. Bxf4 g5 32. Be3 f4 33. Bf2 Ne5 34. Nd5 Bd6 35. c5 Bb8 36. Nd4 Nd3 37. Ra8 Be5 38. Nf3 Ne6 39. Rxf8+ Kxf8 40. Nxe5 Nxe5 41. Be1 Nc6 42. Bc3 Ncd4 43. Kf2 Kf7 44. Nb6 Ke7 45. Nc4 Kd8 46. Nd6 Kc7 47. Nf7 Nf5 48. Kf3 Nh4+ 49. Kf2 Nf5 50. g3 fxg3+ 51. hxg3 g4 52. Nd6 Nxd6 53. Be5 Kc6 54. Bxd6 Kd5 55. Ke3 h5 56. Be7 Nd4 57. Bf6 Ne6 58. Bc3 Ng5 59. Bf6 1/2-1/2

[Event "GBR-ch 94th"]
[Site "Great Yarmouth"]
[Date "2007.08.02"]
[Round "4"]
[White "Spence, David"]
[Black "Anderton, Matthew"]
[Result "0-1"]
[WhiteElo "2183"]
[BlackElo "2229"]
[PlyCount "76"]
[EventDate "2007.07.30"]
[EventType "swiss"]
[EventRounds "11"]
[EventCountry "ENG"]
[SourceTitle "CBM 119 Extra"]
[Source "ChessBase"]
[SourceDate "2007.09.04"]
[SourceVersion "1"]
[SourceVersionDate "2007.09.04"]
[SourceQuality "1"]

1. e4 e6 2. d4 d5 3. Nc3 Bb4 4. e5 c5 5. a3 Ba5 6. b4 cxd4 7. Nb5 Bc7 8. f4 Bd7 9. Nf3 Bxb5 10. Bxb5+ Nd7 11. 0-0 Ne7 12. Bd3 g6 13. Kh1 Bb6 14. Bb2 Qc7 15. Nxd4 a6 16. Qg4 0-0-0 17. c4 dxc4 18. Bxc4 Bxd4 19. Bxd4 Nb6 20. Bxb6 Qxb6 21. a4 Kb8 22. a5 Qd4 23. Qe2 Qd2 24. Bxa6 bxa6 25. Qxa6 Rd7 26. h3 Ra7 27. Qc4 Rc8 28. Qb3 Rc2 29. Rg1 Rc3 30. Qa4 Qd7 31. b5 Qd5 32. Rgc1 Rac7 33. Rxc3 Rxc3 34. Kg1 Qc5+ 35. Kh1 Qc4 36. Qd1 Nd5 37. b6 Qe4 38. Kg1 Rc2 0-1